Table des types Pokémon - Statistiques

Statistiques générales
  • Ce quiz a été pris 1 038 fois
  • Le résultat moyen est 185 sur 324
Statistiques - réponses
Réponse % Correct
0,5
96%
2
90%
0,5
85%
1
85%
1
85%
2
84%
0,5
83%
0,5
82%
0,5
82%
0
81%
0,5
81%
0,5
81%
0,5
80%
0,5
80%
1
79%
1
79%
1
78%
2
78%
0,5
77%
1
77%
1
77%
1
77%
1
77%
1
77%
2
76%
0,5
75%
1
75%
1
75%
2
75%
1
73%
1
73%
2
73%
2
73%
0,5
72%
2
72%
0,5
71%
0,5
71%
0,5
71%
0,5
71%
0,5
71%
1
71%
1
71%
2
71%
0,5
70%
0,5
70%
0,5
70%
1
70%
1
70%
1
70%
1
70%
1
70%
1
70%
1
70%
1
70%
2
70%
0,5
69%
1
69%
1
69%
1
69%
1
69%
1
69%
1
69%
1
69%
1
69%
1
69%
1
69%
1
69%
2
69%
2
69%
0
68%
1
68%
1
68%
1
68%
1
68%
1
68%
2
68%
0,5
67%
0,5
67%
0,5
67%
0,5
67%
0,5
67%
1
67%
1
67%
1
67%
1
67%
1
67%
2
67%
2
67%
0,5
66%
0,5
66%
1
66%
1
66%
1
66%
1
66%
1
66%
1
66%
1
66%
1
66%
1
66%
1
66%
1
66%
1
66%
1
66%
1
66%
2
66%
2
66%
2
66%
2
66%
0,5
65%
0,5
65%
0,5
65%
1
65%
1
65%
1
65%
1
65%
1
65%
1
65%
1
65%
1
65%
1
65%
1
65%
1
65%
1
65%
1
65%
1
65%
1
65%
1
65%
1
65%
1
65%
1
65%
1
65%
1
65%
2
65%
2
65%
0,5
64%
0,5
64%
1
64%
1
64%
1
64%
1
64%
1
64%
1
64%
1
64%
1
64%
2
64%
2
64%
0,5
63%
0,5
63%
1
63%
1
63%
1
63%
2
63%
0,5
62%
1
62%
1
62%
1
62%
1
61%
1
61%
1
61%
1
61%
1
61%
0,5
60%
0,5
60%
1
60%
1
60%
1
60%
2
60%
2
60%
0,5
59%
0,5
59%
0,5
59%
1
59%
1
59%
1
59%
1
59%
1
59%
1
59%
1
59%
1
59%
2
59%
2
59%
2
59%
0,5
58%
1
58%
0,5
57%
0,5
57%
1
57%
1
57%
1
57%
1
57%
2
57%
2
57%
0
56%
1
56%
1
56%
1
56%
1
56%
2
56%
0
55%
1
55%
1
55%
1
55%
1
55%
1
55%
2
55%
0,5
54%
1
54%
1
54%
0
53%
1
53%
0,5
52%
1
52%
1
52%
1
52%
1
52%
0,5
51%
1
51%
1
51%
1
51%
2
51%
1
50%
1
49%
1
49%
1
49%
1
49%
1
49%
1
49%
2
49%
0,5
48%
1
48%
1
48%
1
48%
1
48%
1
48%
2
48%
2
48%
2
48%
0
47%
0,5
47%
0,5
47%
1
47%
1
47%
1
47%
1
46%
1
46%
1
46%
1
46%
2
46%
0,5
45%
1
45%
1
45%
2
45%
0,5
44%
0,5
44%
1
44%
1
44%
1
44%
1
44%
2
44%
0,5
43%
1
42%
1
42%
1
42%
1
42%
1
41%
1
41%
1
41%
2
41%
0,5
40%
1
40%
1
40%
1
40%
1
40%
1
39%
0,5
38%
1
38%
2
38%
0
37%
0,5
37%
1
37%
1
37%
1
37%
1
37%
1
37%
2
37%
1
36%
1
36%
1
36%
1
36%
1
36%
1
36%
1
35%
0,5
34%
1
34%
2
34%
2
34%
2
34%
1
33%
1
33%
1
33%
2
33%
2
33%
1
32%
1
32%
1
32%
1
32%
0,5
31%
1
31%
1
31%
1
31%
1
31%
1
31%
2
31%
2
31%
0
30%
1
30%
1
30%
0,5
29%
1
29%
0,5
28%
1
28%
1
27%
1
27%
1
27%
Aucun quiz correspondant
Distribution des résultats
% des personnes avec chaque résultat
Percentile par nombre de réponses
Votre historique - résultats
Vous n’avez pas pris ce quiz